มุมมองปกติ
มุมมองแบบ MARC
- ร่มแก้ว
รายการ Personal Name
001 - CONTROL NUMBER
- control field: 8530
003 - CONTROL NUMBER IDENTIFIER
- control field: NALT
005 - DATE AND TIME OF LATEST TRANSACTION
- control field: 20260113172254.0
008 - FIXED-LENGTH DATA ELEMENTS
- fixed length control field: 170717|| aca||aabn | a|a d
040 ## - CATALOGING SOURCE
- Original cataloging agency: NALT
100 0# - HEADING--PERSONAL NAME
- Personal name: ร่มแก้ว
